[Event "CZE-chT 9596"]
[Site "?"]
[Date "1996.??.??"]
[Round "4"]
[White "Prandstetter, Eduard"]
[Black "Hausner, Ivan"]
[Result "1-0"]
[WhiteElo "2380"]
[BlackElo "2430"]

1.e4 e6 2.d4 d5 3.Nd2 Be7 4.Ngf3 Nf6 5.e5 Nfd7 6.c3 c5 7.Bd3 Nc6 8.O-O a5
9.Re1 cxd4 10.cxd4 Nb6 11.Nf1 Bd7 12.Ng3 h5 13.Ne2 g5 14.Kh1 Rc8 15.a3 a4
16.Bd2 Nc4 17.Bc3 b5 18.Bc2 g4 19.Nfg1 Bg5 20.Qd3 Qb6 21.f4 Be7 22.Qg3 Kd8
23.f5 Kc7 24.fxe6 fxe6 25.Bg6 Rcg8 26.Qd3 Rh6 27.Nf4 Bg5 28.Bf7 Rf8 29.Nxd5+ exd5
30.Bxd5 Rd8 31.e6 Ne7 32.Bxc4 bxc4 33.Qg3+ Kb7 34.exd7 Rxd7 35.Re5 Bf6 36.Rc5 Bxd4
37.Rxc4 Bxc3 38.bxc3 Nd5 39.Rd4 Qc7 40.Qd3 Nb6 41.Ne2 Re7 42.Nf4 Qe5 43.Qd1 Rf6
44.Nd5 Nxd5 45.Rxd5 Qxc3 46.Rc1 Qxa3 47.Rd7+ Ka6 48.Rxe7 Qxe7 49.Qxa4+ Kb7
50.Qb5+ Rb6 51.Qd5+ Kb8 52.Ra1 Rb7 53.Qxh5 Qe4 54.Qh8+ Kc7 55.Rc1+ Kb6 56.Qd8+ Kb5
57.Qd1 Kb6 58.Qb3+ Ka7 59.Qa3+ Kb8 60.Qd6+  1-0

[Event "Decin op"]
[Site "Decin"]
[Date "1996.??.??"]
[Round "3"]
[White "Faibisovich, Vadim Z"]
[Black "Crouch, Colin S"]
[Result "1/2-1/2"]
[WhiteElo "2410"]
[BlackElo "2375"]

1.e4 e6 2.d4 d5 3.Nd2 Nc6 4.Ngf3 Nf6 5.e5 Nd7 6.Nb3 f6 7.exf6 Qxf6 8.Bg5 Qf7
9.Be3 h6 10.Be2 Bd6 11.O-O O-O 12.Rc1 Ne7 13.c4 c6 14.Qd2 Ng6 15.g3 Nf6 16.Qc2 dxc4
17.Qxc4 Nd5 18.Nc5 Qf5 19.Qc2 Qxc2 20.Rxc2 e5 21.Bd2 Bxc5 22.Rxc5 Bg4 23.Kg2 e4
24.Ng1 Bxe2 25.Nxe2 Rf3 26.Nc3 Rd3 27.Nxe4 Re8 28.f3 Rxd4 29.Rf2 Ne5 30.Re2 Rf8
31.Bc3 Nxc3 32.bxc3 Rd5 33.Rxd5 cxd5 34.Nd6 Nxf3 35.Nxb7 d4 36.cxd4 Nxd4
37.Rd2  1/2-1/2

[Event "Decin op"]
[Site "Decin"]
[Date "1996.??.??"]
[Round "7"]
[White "Sergienko, Sergey"]
[Black "Chernyshov, Konstantin"]
[Result "1/2-1/2"]
[WhiteElo "2425"]
[BlackElo "2470"]

1.d4 e6 2.e4 d5 3.Nd2 Nc6 4.Ngf3 Nf6 5.e5 Nd7 6.Be2 Be7 7.Nf1 O-O 8.Ne3 b6
9.O-O Bb7 10.b3 f6 11.exf6 Nxf6 12.Bb2 Qe8  1/2-1/2

[Event "Decin op"]
[Site "Decin"]
[Date "1996.??.??"]
[Round "7"]
[White "Veltkamp, Gerben"]
[Black "Crouch, Colin S"]
[Result "1-0"]
[WhiteElo "2205"]
[BlackElo "2375"]

1.e4 e6 2.d4 d5 3.Nd2 Nc6 4.Ngf3 Nf6 5.e5 Nd7 6.Bd3 f6 7.Ng5 Ndxe5 8.dxe5 fxg5
9.Qh5+ Kd7 10.Nf3 h6 11.O-O Be7 12.Be3 Nb4 13.Nd4 Nxd3 14.cxd3 c5 15.Nb3 d4
16.Bxd4 cxd4 17.Rac1 Qe8 18.Qg4 Qg6 19.Qxd4+ Ke8 20.Rc7 Bd8 21.Rfc1 Bxc7
22.Rxc7 Kf8 23.Nd2 Qe8 24.Ne4 Kg8 25.h3 Qf8 26.Qc4 Qf5 27.Qc5 Qf8 28.Nd6 Kh7
29.Qc2 Qd8 30.d4+ Kg8 31.Ne4 b6 32.Nf6+ Kf8 33.Qg6 Qe7 34.Rxe7 Kxe7 35.Qxg7+ Kd8
36.Qxh8+ Kc7 37.Qxh6 Bb7 38.Qxg5 Rd8 39.Qg7+ Kb8 40.Nd7+  1-0

[Event "DEN-ch"]
[Site "?"]
[Date "1996.??.??"]
[Round "6"]
[White "Andreasen, Per"]
[Black "Hoi, Carsten"]
[Result "1/2-1/2"]
[WhiteElo "2325"]
[BlackElo "2435"]

1.e4 e6 2.d4 d5 3.Nd2 Be7 4.Ngf3 Nf6 5.Bd3 dxe4 6.Nxe4 Nxe4 7.Bxe4 Nd7 8.O-O c5
9.c3 cxd4 10.Nxd4 O-O 11.Qe2 a6 12.Bc2 Nf6 13.Bf4 Bd7  1/2-1/2

[Event "Nord Cup 2nd"]
[Site "Duesseldorf"]
[Date "1996.??.??"]
[Round "3"]
[White "Wengenroth, Walter"]
[Black "Ellers, Holger"]
[Result "1/2-1/2"]
[WhiteElo "2130"]
[BlackElo "2310"]

1.d4 e6 2.e4 d5 3.Nd2 Be7 4.Ngf3 Nf6 5.Bd3 c5 6.dxc5 Bxc5 7.e5 Nfd7 8.O-O Nc6
9.Nb3 Be7 10.Re1 a6 11.c3 b5 12.Nbd4 Bb7 13.Nxc6 Bxc6 14.Nd4 Qc7 15.Qg4 Bf8
16.Bg5 Nc5 17.Bc2 Bb7 18.a4 h6 19.Bh4 g5 20.Bg3 Nxa4 21.Bxa4 bxa4 22.Rxa4 Bc5
23.Nf3 Qb6 24.b4 Be7 25.h4 h5 26.Qd4 Qxd4 27.Nxd4 gxh4 28.Bf4 Kd7 29.Kh2 Rhc8
30.Bd2 Rc4 31.Rea1 f6 32.exf6 Bxf6 33.Nb3 Bc6 34.Rxa6 Rxa6 35.Rxa6 Bxc3 36.Bxc3 Rxc3
37.Nc5+ Kd6 38.Nxe6 Kxe6 39.b5 d4 40.bxc6 d3 41.c7+ Kd7 42.Ra4 Kxc7 43.Rd4 Kc6
44.Rd8 Kc5 45.f3 Kc4 46.Kh3 Ra3 47.Kxh4 Ra5 48.g4 Rd5 49.Rc8+ Kd4 50.Rc1 hxg4
51.fxg4 d2 52.Rd1 Ke3 53.g5 Ke2 54.Rxd2+ Rxd2 55.g6 Ke3 56.Kg5 Rd8 57.g7 Ke4
58.Kf6  1/2-1/2

[Event "BCF-chT 96/97"]
[Site "England"]
[Date "1996.??.??"]
[Round "?"]
[White "Adams, Mark"]
[Black "Conquest, Stuart"]
[Result "1-0"]
[WhiteElo "2080"]
[BlackElo "2540"]

1.e4 e6 2.d4 d5 3.Nd2 a6 4.Ngf3 c5 5.exd5 exd5 6.Qe2+ Be7 7.dxc5 Nf6 8.Nb3 O-O
9.Qd1 Bg4 10.Be2 Nbd7 11.Be3 Re8 12.O-O Qc7 13.h3 Bh5 14.Nfd4 Bg6 15.Bd3 Nxc5
16.Bxg6 hxg6 17.Nf3 Na4 18.Rb1 b5 19.c3 Bd6 20.Bd4 Ne4 21.Re1 Rad8 22.Re2 Nb6
23.Qc2 Nc4 24.Rbe1 f5 25.Nbd2 Bf4 26.Nf1 Qc6 27.Qd3 Bb8 28.h4 Bd6 29.b3 Na5
30.Ne3 Nb7 31.b4 Bf4 32.h5 Bxe3 33.Qxe3 gxh5 34.Nh4 Rf8 35.f3 Ng3 36.Qe6+ Qxe6
37.Rxe6 Rf7 38.Ng6 Kh7 39.Ne5 Rc7 40.Bb6 Rxc3 41.Bxd8 Nxd8 42.Re8 Nc6 43.Kh2 Nxe5
44.R8xe5 f4 45.Rxd5 Kh6 46.Re6+ g6 47.Rdd6 Kg5 48.Rxg6+ Kh4 49.Rd4  1-0

[Event "BCF-chT 96/97"]
[Site "England"]
[Date "1996.??.??"]
[Round "1"]
[White "Cooper, Lawrence"]
[Black "Spice, Alan"]
[Result "1/2-1/2"]
[WhiteElo "2335"]
[BlackElo "2210"]

1.e4 e6 2.d4 d5 3.Nd2 Nc6 4.Ngf3 Nf6 5.e5 Nd7 6.c4 dxc4 7.Nxc4 Nb6 8.Nxb6 axb6
9.Bc4 Nb4 10.h4 h6 11.h5 Bd7 12.a3 Ba4 13.b3 Bc6 14.O-O b5 15.Be2 Nd5 16.Qd3 b4
17.a4 Nc3 18.Bd2 Nxe2+ 19.Qxe2 Bd5 20.Qd3 c6 21.Ne1 Qh4 22.f4 Qxh5 23.Nc2 Qg6
24.Qxg6 fxg6 25.Rab1 Be4 26.Rbc1 Rd8 27.Bxb4 Bxc2 28.Bxf8 Rxf8 29.Rxc2 Rxd4
30.Rc4 Rxc4 31.bxc4 Rf7 32.Rb1 Kd8 33.Rd1+ Rd7 34.Rxd7+ Kxd7 35.Kf2 c5 36.Ke3 Kc7
37.Kd3 Kc6 38.Kc3 b6 39.Kd2 Kd7 40.Ke3 Ke7 41.Kf3 Ke8 42.Kg4 Kf7 43.Kh4 g5+
44.fxg5 Kg6 45.g4 Kh7 46.gxh6 Kxh6 47.g5+ Kh7  1/2-1/2

[Event "FIN-chT 9596"]
[Site "FIN"]
[Date "1996.??.??"]
[Round "2"]
[White "Lehto, Ville"]
[Black "Lehtivaara, Risto"]
[Result "1-0"]
[WhiteElo "2295"]
[BlackElo "2270"]

1.e4 e6 2.d4 d5 3.Nd2 Nc6 4.Ngf3 Nf6 5.e5 Nd7 6.c3 f6 7.Bd3 fxe5 8.Nxe5 Ndxe5
9.dxe5 Nxe5 10.Qh5+ Nf7 11.Bxh7 Qf6 12.Nf3 Be7 13.h4 e5 14.Bg5 Qd6 15.Bxe7 Kxe7
16.O-O-O e4 17.Rhe1 Qf4+ 18.Re3 c6 19.g3 g6 20.Qxg6 Qh6 21.Qxh6 Nxh6 22.Ng5 Nf7
23.Nxe4 dxe4 24.Bxe4 Kf8 25.Bg6 Bg4 26.f3 Bh5 27.Bc2 Re8 28.Rxe8+ Kxe8 29.g4 Bxg4
30.fxg4 Rxh4 31.Re1+ Kd8 32.Bf5 Nd6 33.Be6 Rh2 34.Rg1 Re2 35.Bb3 Ne4 36.Bd1 Rh2
37.g5 Rh7 38.Bc2 Re7 39.Rd1+ Kc7 40.Re1  1-0

[Event "FIN-chT 9596"]
[Site "FIN"]
[Date "1996.??.??"]
[Round "3"]
[White "Lauk, Ular"]
[Black "Kekki, Petri"]
[Result "1/2-1/2"]
[WhiteElo "2325"]
[BlackElo "2350"]

1.e4 e6 2.d4 d5 3.Nd2 a6 4.Ngf3 c5 5.dxc5 Bxc5 6.Bd3 Nf6 7.O-O Nc6 8.a3 dxe4
9.Nxe4 Nxe4 10.Bxe4 Qxd1 11.Rxd1 Bd7 12.b4 Be7 13.Bb2 Bf6 14.Bxf6 gxf6 15.c4 Ke7
16.Rd2 f5 17.Rad1 Be8 18.Bc2 Rc8 19.Rd6 Kf6 20.Bb3 Rg8 21.g3 Rg4 22.Nd4 Ne5
23.c5 Rxd4 24.R1xd4 Nf3+ 25.Kg2 Nxd4 26.Rxd4 a5 27.Bd1 axb4 28.axb4 b6 29.cxb6 Rb8
30.f4 Rxb6 31.Bf3 Ke7 32.Kf2 f6 33.Ke3 Bf7 34.Be2 e5 35.fxe5 fxe5 36.Rh4 f4+
37.gxf4 Rxb4 38.Rxh7 exf4+ 39.Kf2 Kf6 40.Rh6+ Kg5  1/2-1/2

[Event "FIN-chT 9697"]
[Site "FIN"]
[Date "1996.??.??"]
[Round "5.3"]
[White "Nevanlinna, Risto"]
[Black "Kekki, Petri"]
[Result "1/2-1/2"]
[WhiteElo "2300"]
[BlackElo "2350"]

1.e4 e6 2.d4 d5 3.Nd2 Nc6 4.Ngf3 Nf6 5.exd5 exd5 6.Bb5 Bd7 7.O-O Be7 8.Re1 O-O
9.c3 Re8 10.Nf1 Bd6 11.Bg5 Rxe1 12.Qxe1 Ne7 13.Bd3 Bf5 14.Bxf5 Nxf5 15.Ne3 Nxe3
16.Qxe3 h6 17.Bf4 Ne4 18.Re1  1/2-1/2

[Event "FRA-chT"]
[Site "France"]
[Date "1996.??.??"]
[Round "?"]
[White "Lepelletier, Benoit"]
[Black "Elbilia, Jacques"]
[Result "1-0"]
[WhiteElo "2460"]
[BlackElo "2350"]

1.e4 e6 2.d4 d5 3.Nd2 Nc6 4.Bb5 Nf6 5.e5 Nd7 6.c3 f6 7.f4 Be7 8.Ndf3 O-O
9.Nh3 a5 10.O-O Qe8 11.Qe2 f5 12.Kh1 Nd8 13.Rg1 Nf7 14.Nfg5 Nxg5 15.fxg5 g6
16.Bd2 c6 17.Bd3 Rf7 18.g4 Nf8 19.Nf4 fxg4 20.Qxg4 Rf5 21.Qh4 Qf7 22.Raf1 b6
23.Ng2 Ba6 24.Bxa6 Rxa6 25.Ne3 h5 26.Nxf5 exf5 27.e6 Nxe6 28.Re1 Bd6 29.Re2 Ra8
30.Rge1 Re8 31.Bf4 Bf8 32.Be5 Be7 33.Bf6 Bd6 34.Qh3 Qd7 35.Qf3 Kf7 36.c4 Bb4
37.Rc1 Be7 38.cxd5 cxd5 39.Bxe7 Rxe7 40.Qb3 Nc7 41.Qxb6 Ne8 42.Qc6  1-0

[Event "Geneve op"]
[Site "Geneve"]
[Date "1996.??.??"]
[Round "3"]
[White "Anka, Emil"]
[Black "Chenaux, Patrick"]
[Result "1-0"]
[WhiteElo "2405"]
[BlackElo "2245"]

1.e4 e6 2.d4 d5 3.Nd2 a6 4.e5 Bd7 5.Ndf3 Bb5 6.Bxb5+ axb5 7.Ne2 c5 8.dxc5 Bxc5
9.Qd3 Qb6 10.O-O Nc6 11.c3 b4 12.cxb4 Nxb4 13.Qb1 Nc6 14.a3 Nge7 15.b4 Nd4
16.Qd3 Nxe2+ 17.Qxe2 Bd4 18.Nxd4 Qxd4 19.Qb5+ Kf8 20.Qxb7 Re8 21.Be3 Qxe5
22.Bc5 Qf6 23.Rad1 h5 24.Qd7 h4 25.h3 Rh6 26.f4 Rg6 27.Rf2 Qc3 28.f5 Rf6
29.fxe6 Rxf2 30.Bxf2 Qxa3 31.Bc5 f6 32.Rxd5 Qc1+ 33.Rd1 Qf4 34.Qxe7+  1-0

[Event "BL2-W9596"]
[Site "Germany"]
[Date "1996.??.??"]
[Round "?"]
[White "Coenen, Norbert"]
[Black "Jackelen, Thomas"]
[Result "0-1"]
[WhiteElo "2310"]
[BlackElo "2405"]

1.e4 e6 2.d4 d5 3.Nd2 a6 4.Ngf3 c5 5.exd5 exd5 6.Be2 Nf6 7.O-O Be7 8.dxc5 Bxc5
9.Nb3 Bb6 10.c3 O-O 11.Bg5 Re8 12.Nfd4 h6 13.Bh4 Nc6 14.Re1 g5 15.Bg3 Ne4
16.Bd3 Qf6 17.Bc2 Bd7 18.Re3 Re7 19.Qf3 Qg6 20.Qe2 Rae8 21.Qd3 f5 22.f4 Nc5
23.Rxe7 Nxd3 24.Rxd7 Qe6 25.Bxd3 Qxd7 26.Rf1 Nxd4 27.Nxd4 Bxd4+ 28.cxd4 Re3
29.Bc2 Re2 30.Bb3 a5 31.fxg5 hxg5 32.Rb1 a4 33.Bd1 Rd2 34.Be5 Qb5 35.Rc1 g4
36.h3 Qxb2 37.Rc8+ Kf7 38.Bxa4 Rxg2+ 39.Kh1 gxh3 40.Rc7+ Kg6 41.Be8+ Kh6
42.Bf4+ Rg5  0-1

[Event "BL2-W9697"]
[Site "Germany"]
[Date "1996.??.??"]
[Round "?.8"]
[White "Rott, Georg"]
[Black "Wintzer, Joachim"]
[Result "0-1"]
[WhiteElo "2225"]
[BlackElo "2330"]

1.e4 e6 2.d4 d5 3.Nd2 a6 4.Ngf3 c5 5.dxc5 Bxc5 6.Bd3 Nc6 7.c3 Nge7 8.Qe2 O-O
9.Nb3 Ba7 10.Be3 dxe4 11.Bxe4 Bxe3 12.Qxe3 e5 13.O-O Qc7 14.Rfe1 Re8 15.Qg5 Be6
16.Qh5 h6 17.Bc2 Nd5 18.Nc5 Nf6 19.Nxe6 Rxe6 20.Qf5 Rd8 21.Bb3 Ree8 22.Rad1 Rxd1
23.Rxd1 Qe7 24.Nd2 Rd8 25.h3 Na5 26.Ne4 Nxb3 27.Rxd8+ Qxd8 28.Nxf6+ gxf6
29.Qg4+ Kh8 30.axb3 Qc7 31.Kf1 Qc6 32.Qc4 Qd7 33.Ke2 f5 34.Qd3 Qe6 35.Qc4 Qd7
36.f4 f6 37.Qd3 Qxd3+ 38.Kxd3 e4+ 39.Kd4 h5 40.g3 Kg7 41.c4 h4 42.gxh4 Kh6
43.Ke3 Kh5 44.Kf2 Kxh4 45.Kg2 a5 46.Kh2 b6 47.Kg2 e3 48.Kf3 Kxh3 49.Kxe3 Kg3
50.Kd4 Kxf4 51.Kd5 Ke3 52.Kc6 f4 53.Kxb6 f3 54.Kxa5 f2 55.c5 f1=Q 56.c6 Qa1+
57.Kb5 Qa7  0-1

[Event "Bundesliga 9697"]
[Site "Germany"]
[Date "1996.??.??"]
[Round "?.8"]
[White "Dudek, Richard"]
[Black "Backwinkel, Paul"]
[Result "0-1"]
[WhiteElo "2305"]
[BlackElo "2400"]

1.e4 e6 2.d4 d5 3.Nd2 a6 4.Ngf3 c5 5.exd5 exd5 6.dxc5 Bxc5 7.Nb3 Be7 8.Bd3 Nc6
9.O-O Bg4 10.h3 Bh5 11.c3 Nf6 12.Bf4 O-O 13.Re1 Re8 14.g4 Bg6 15.Nfd4 Ne4
16.f3 Bd6 17.Bxd6 Qxd6 18.Qc2 Ng5 19.Kg2 Ne5 20.Bf5 Nc4 21.h4 Ne6 22.Nxe6 Bxf5
23.Qxf5 Rxe6 24.Rxe6 fxe6 25.Qg5 h6 26.Qc1 e5 27.Nd2 Ne3+ 28.Kh3 Rf8 29.Qg1 d4
30.Qg3 dxc3 31.Ne4 cxb2 32.Rb1 Qd3  0-1

[Event "Oberliga Nord N9596"]
[Site "Germany"]
[Date "1996.??.??"]
[Round "?"]
[White "Homuth, Manfred"]
[Black "Szobris, Torsten"]
[Result "1-0"]
[WhiteElo "2270"]
[BlackElo "2140"]

1.e4 e6 2.d4 d5 3.Nd2 Nc6 4.Ngf3 Nf6 5.e5 Nd7 6.c3 f6 7.exf6 Qxf6 8.Nb3 Bd6
9.Be3 b6 10.Bb5 Bb7 11.O-O h6 12.Qe2 O-O 13.Ba6 Bxa6 14.Qxa6 Qg6 15.Nbd2 Nf6
16.Qb5 Qe8 17.Rfe1 a6 18.Qb3 b5 19.Re2 Qh5 20.Rae1 Rae8 21.a4 Na5 22.Qc2 Nc4
23.h3 Nd7 24.axb5 axb5 25.Nxc4 bxc4 26.Nh2 Nf6 27.Nf1 Ne4 28.f3 Nf6 29.Bf2 Qf7
30.Bg3 Qe7 31.Qg6 c5 32.Bxd6 Qxd6 33.dxc5 Qxc5+ 34.Kh1 Qd6 35.Ng3 Qd7 36.h4 Qf7
37.h5 Qd7 38.Re5 Qb7 39.f4 Qd7 40.f5 exf5 41.Nxf5 Rxe5 42.Rxe5 Re8 43.Rxe8+ Nxe8
44.Nxh6+ Kf8 45.Nf5 Qa4 46.h6 Qa1+ 47.Kh2 gxh6 48.Nxh6 Ke7 49.Nf5+ Kf8 50.Nh6 Ke7
51.Qf7+ Kd8 52.Nf5 Nc7 53.Qe7+  1-0

[Event "NRW-Liga I 9596"]
[Site "Germany"]
[Date "1996.??.??"]
[Round "?"]
[White "Winkeler, Uwe"]
[Black "Hollermann, Thomas"]
[Result "0-1"]
[WhiteElo "2230"]
[BlackElo "2265"]

1.e4 e6 2.d4 d5 3.Nd2 Nc6 4.Ngf3 Nf6 5.e5 Nd7 6.Be2 Be7 7.Nf1 b6 8.Ne3 Bb7
9.O-O O-O 10.b3 Nb4 11.a3 Na6 12.c4 c6 13.cxd5 cxd5 14.Bb2 Nc7 15.Rc1 a5
16.Rc2 Ba6 17.Bxa6 Rxa6 18.Qe2 b5 19.Rfc1 Ra7 20.Ne1 Nb6 21.Rc6 Rb7 22.Qc2 Na6
23.Qd2 Nb8 24.R6c2 a4 25.b4 Bg5 26.Qe2 Nc4 27.Nxc4 bxc4 28.Rd1 Nc6 29.Bc1 Bxc1
30.Rcxc1 Na7 31.Rc3 Nb5 32.Rh3 f5 33.exf6 Qxf6 34.Nc2 Rbf7 35.Rf3 Qg6 36.Rxf7 Rxf7
37.Qd2 Nd6 38.Rf1 Ne4 39.Qd1 c3 40.Ne3 Nd2 41.Qxa4 Nxf1 42.Qe8+ Rf8 43.Qxg6 hxg6
44.Kxf1 e5 45.Nc2 exd4 46.Nxd4 Rf4 47.Nb3 Re4 48.b5 d4 49.Nc1 Kf7  0-1

[Event "Hessenliga 9596"]
[Site "Germany"]
[Date "1996.??.??"]
[Round "?"]
[White "Ostojic, Predrag"]
[Black "Berndt, Matthias"]
[Result "1-0"]
[WhiteElo "2320"]
[BlackElo "2130"]

1.e4 e6 2.d4 d5 3.Nd2 Nc6 4.Ngf3 Nf6 5.e5 Nd7 6.Nb3 a5 7.a4 b6 8.Bb5 Ncb8
9.O-O Be7 10.Be3 c6 11.Be2 Ba6 12.Nfd2 O-O 13.f4 c5 14.Bxa6 Nxa6 15.c3 Qc8
16.Nf3 cxd4 17.Nbxd4 Qc4 18.Qc2 Rac8 19.f5 exf5 20.Qxf5 Ndc5 21.Rad1 Ne4
22.e6 f6 23.Qg4 Nd6 24.Bh6 Ne8 25.Nh4 f5 26.Nhxf5 Bf6 27.Bg5 Kh8 28.Ne3 Qc5
29.Nb3 Qc6 30.Nxd5 Nc5 31.Nxc5 Qxc5+ 32.Be3 Qc6 33.Nxb6 Rc7 34.Nd7 Rg8 35.Rf3 Rb7
36.Rh3  1-0

[Event "Goch op"]
[Site "Goch"]
[Date "1996.??.??"]
[Round "2"]
[White "Vogel, Christian"]
[Black "Vieten, Siegbert"]
[Result "1-0"]
[WhiteElo "2020"]
[BlackElo "2255"]

1.e4 e6 2.d4 d5 3.Nd2 Nc6 4.Ngf3 Nf6 5.e5 Nd7 6.c3 Ne7 7.Bd3 h6 8.O-O Nf5
9.Re1 Nb6 10.Qc2 Be7 11.Nf1 Bd7 12.Ne3 Nxe3 13.Bxe3 Kf8 14.Nd2 f5 15.exf6 gxf6
16.f4 f5 17.Nf3 Bf6 18.Bf2 Rg8 19.Ne5 Be8 20.b3 Nd7 21.Bxf5 exf5 22.Qxf5 Kg7
23.Re3 Nxe5 24.dxe5 Be7 25.Rg3+ Kh8 26.Qh3 h5 27.f5 Rxg3 28.Bxg3 Bc5+ 29.Kh1 Qg5
30.Rf1 Bb5 31.Bh4 Qg4 32.Qxg4 hxg4 33.Re1 Re8 34.e6 Bd3 35.f6 Bg6 36.f7 Rc8
37.Bf6+ Kh7 38.h4 gxh3 39.gxh3 Bh5 40.Kg2 Bg6 41.h4 c6 42.Kg3 Bh5 43.Kf4 Kg6
44.Be5 b5 45.b4 Bf8 46.Rg1+ Kh7 47.Kg5 Bg6 48.h5 Bxf7 49.exf7 Bg7 50.Kf5 Bh6
51.Ke6 Rd8 52.Ke7 Rf8 53.Rg6 Ra8 54.Rxh6+ Kxh6 55.f8=Q+ Rxf8 56.Kxf8 Kxh5
57.Ke7 Kg4 58.Kd6 Kf5 59.Bd4 Ke4 60.Kxc6 a6 61.Kb6 Kd3  1-0

[Event "Gran Canaria op"]
[Site "Gran Canaria"]
[Date "1996.??.??"]
[Round "?"]
[White "Van der Wiel, John TH"]
[Black "Daniel, Juergen"]
[Result "1/2-1/2"]
[WhiteElo "2535"]
[BlackElo "2270"]

1.e4 e6 2.d4 d5 3.Nd2 Be7 4.Ngf3 Nf6 5.e5 Nfd7 6.c4 dxc4 7.Nxc4 Nb6 8.a3 c5
9.Be3 Nd5 10.dxc5 Nxe3 11.fxe3 Bxc5 12.Qxd8+ Kxd8 13.Ng5 Ke7 14.Be2 f5 15.exf6+ gxf6
16.Ne4 Nd7 17.Rc1 f5 18.Nxc5 Nxc5 19.Nd2 b6 20.b4 Ne4 21.Nxe4 fxe4 22.Rf1 Bd7
23.Ba6 Bc8 24.Bb5 a5 25.Bc6 Ra7 26.Bxe4 axb4 27.axb4 Ra4 28.Rc7+ Kd6 29.Rxh7 Rxh7
30.Bxh7 Rxb4 31.Rf4 Rb2 32.Rf2 Rb3 33.Rd2+ Ke5 34.Kf2 Bb7 35.g4 Rb4 36.h3 b5
37.Kg3 Rb3 38.Rd3 Rb2 39.Rc3 b4 40.Rc5+ Kd6 41.Rc2 Rb3 42.Kf2 Ra3 43.h4 b3
44.Rd2+ Ke5 45.Kg3 Ra2 46.Rd7 Bd5 47.h5  1/2-1/2

[Event "SLO-ch"]
[Site "Grize"]
[Date "1996.??.??"]
[Round "?"]
[White "Simic, Dragan"]
[Black "Praznik, Niko"]
[Result "1/2-1/2"]
[WhiteElo "2300"]
[BlackElo "2145"]

1.e4 e6 2.d4 d5 3.Nd2 Nc6 4.c3 dxe4 5.Nxe4 Qd5 6.Nd2 e5 7.Ngf3 exd4 8.Bc4 Qf5
9.Nxd4 Nxd4 10.cxd4 Be6 11.Qa4+ Bd7 12.Qb3 O-O-O 13.O-O Bd6 14.Nf3 f6 15.Re1 Ne7
16.Bd2 Nc6 17.Bc3 Rde8 18.Bf7 Rxe1+ 19.Rxe1 Nd8 20.Bc4 Re8 21.Rxe8 Bxe8 22.Qd1 Qh5
23.g3 Nc6 24.Be2 Qd5 25.a3 Bh5 26.Nh4 Bxe2 27.Qxe2 b6 28.Qg4+ Kb7 29.Qxg7 Nxd4
30.Qg4 Be5 31.Bxd4 Qxd4 32.Qf3+ Kb8 33.b4 Qa1+ 34.Kg2 Bb2 35.Qd5 Qxa3 36.Qd8+ Kb7
37.Qd5+ c6 38.Qf7+ Ka6 39.Qc4+ Kb7 40.Qf7+ Ka6 41.Qc4+ Kb7 42.Qf7+  1/2-1/2

[Event "SLO-ch"]
[Site "Grize"]
[Date "1996.??.??"]
[Round "?"]
[White "Podlesnik, Bogdan"]
[Black "Furlan, Miha"]
[Result "1-0"]
[WhiteElo "2420"]
[BlackElo "2320"]

1.e4 e6 2.d4 d5 3.Nd2 Nc6 4.Ngf3 Nf6 5.e5 Nd7 6.c3 f6 7.Bb5 fxe5 8.dxe5 a6
9.Bxc6 bxc6 10.Qa4 Nc5 11.Qg4 Nd3+ 12.Ke2 Nxc1+ 13.Rhxc1 Qd7 14.Kf1 Rb8 15.Rab1 a5
16.Kg1 Ba6 17.c4 Bb4 18.a3 Bxd2 19.Nxd2 O-O 20.Qd4 Qe7 21.cxd5 cxd5 22.Rc3 Qg5
23.Rxc7 Rf4 24.Qa7 Rbf8 25.Qxa6 Rxf2 26.Qxe6+ Kh8 27.Qh3 Qxd2 28.Qg4 g6 29.Qh3 h5
30.Rc8 Qd4 31.Kh1 Qxe5 32.Rxf8+ Rxf8 33.Qd3 Qf5 34.Qxf5 Rxf5 35.b4 axb4 36.axb4 Rf6
37.Kg1 Kg7 38.b5 Rb6 39.Kf2 Kf6 40.Ke3 Ke5 41.Kd3 Rb8 42.b6 Rb7 43.h4 Kd6
44.Kd4 Kc6 45.g3 Rb8 46.b7 Kc7 47.Rb2 Kc6 48.Rb3 Kc7 49.Kxd5 Rd8+ 50.Ke6 Kb8
51.Kf7 Rd6 52.Kg7 Rc6 53.Rf3 Kxb7 54.Rf6 Rc7+ 55.Kh6  1-0

[Event "Staunton mem"]
[Site "Groningen"]
[Date "1996.??.??"]
[Round "?"]
[White "Smyslov, Vassily"]
[Black "Guimard, Carlos E"]
[Result "1-0"]
[WhiteElo "2550"]
[BlackElo "2325"]

1.d4 e6 2.e4 d5 3.Nd2 Nc6 4.Ngf3 Nf6 5.e5 Nd7 6.Bb5 a6 7.Bxc6 bxc6 8.c4 dxc4
9.Nxc4 Nb6 10.Nxb6 cxb6 11.O-O Qd5 12.Ng5 h6 13.Nh3 Bb7 14.Nf4 Qd7 15.Be3 Be7
16.Rc1 g6 17.Qb3 b5 18.Nd3 Qd5 19.Qxd5 exd5 20.f4 f5 21.exf6 Bxf6 22.Ne5 Bxe5
23.fxe5 O-O-O 24.Rf6 g5 25.Bd2  1-0

[Event "Koop Tjuchem op"]
[Site "Groningen"]
[Date "1996.??.??"]
[Round "9"]
[White "Lobzhanidze, Davit"]
[Black "Vysochin, Spartak"]
[Result "1-0"]
[WhiteElo "2330"]
[BlackElo "2480"]

1.e4 e6 2.d4 d5 3.Nd2 Nc6 4.Ngf3 Nf6 5.e5 Nd7 6.Be2 Na5 7.a3 c5 8.c3 cxd4
9.cxd4 Nb6 10.b3 Bd7 11.Bb2 Rc8 12.O-O Be7 13.Bd3 a6 14.Qe2 Nc6 15.Ne1 g6
16.Nc2 a5 17.Ne3 a4 18.b4 Na7 19.f4 h5 20.Rac1 Rxc1 21.Rxc1 Na8 22.Nb1 Qb6
23.Nc3 Nc7 24.Qc2 Kd8 25.Nxa4 Bxa4 26.Qxa4 Kc8 27.Nf1 g5 28.f5 Nc6 29.f6 Bf8
30.Nd2 Bh6 31.Nb3 g4 32.Rc5 Kd7 33.b5 Nxe5 34.dxe5 Be3+ 35.Kf1 Bxc5 36.Nxc5+ Qxc5
37.b6+ Qc6 38.Qxc6+ bxc6 39.bxc7 Ra8 40.Bd4 Rxa3 41.Bg6 Ra4 42.Be3 Ra1+ 43.Ke2 Ra2+
44.Bd2 fxg6 45.c8=Q+  1-0

[Event "Sachsen-ch"]
[Site "Gruenheide"]
[Date "1996.??.??"]
[Round "6"]
[White "Broberg, Horst"]
[Black "Wichmann, Cliff"]
[Result "0-1"]
[WhiteElo "2210"]
[BlackElo "2215"]

1.e4 e6 2.d4 d5 3.Nd2 a6 4.Ngf3 c5 5.exd5 exd5 6.Be2 c4 7.O-O Bd6 8.b3 cxb3
9.axb3 Ne7 10.c4 Bf5 11.Nh4 Be6 12.f4 Ng6 13.Nxg6 hxg6 14.Nf3 dxc4 15.bxc4 Qc7
16.g3 O-O 17.c5 Be7 18.Ne5 Rd8 19.Qa4 Rxd4 20.Qe8+ Bf8 21.c6 bxc6 22.Rd1 Rxd1+
23.Bxd1 Qa7+ 24.Kf1 Nd7 25.Nxc6 Bh3+  0-1

[Event "Helsinki-ch "]
[Site "Helsinki"]
[Date "1996.??.??"]
[Round "?"]
[White "Nouro, Mikael"]
[Black "Kekki, Petri"]
[Result "1-0"]
[WhiteElo "2275"]
[BlackElo "2350"]

1.e4 e6 2.d4 d5 3.Nd2 a6 4.Ngf3 c5 5.dxc5 Bxc5 6.Bd3 Nf6 7.Qe2 Nc6 8.exd5 Nxd5
9.Ne4 Be7 10.O-O Qc7 11.Bc4 Nf4 12.Qe3 Ng6 13.b3 Nce5 14.Nxe5 Qxe5 15.Rb1 f5
16.Nc3 Qxe3 17.Bxe3 b5 18.Be2 Bb7 19.Nd1 Rb8 20.c4 Be4 21.Ra1 f4 22.Bd2 b4
23.Bh5 Bd6 24.Re1 Bf5 25.g4 Bd3 26.Nb2 Bc2 27.Rac1 Kd7 28.Rxc2 Ne5 29.g5 f3
30.Bf4  1-0

[Event "Helsinki-ch "]
[Site "Helsinki"]
[Date "1996.??.??"]
[Round "?"]
[White "Agopov, Mikael"]
[Black "Kekki, Petri"]
[Result "1-0"]
[WhiteElo "2230"]
[BlackElo "2350"]

1.e4 e6 2.d4 d5 3.Nd2 a6 4.Ngf3 c5 5.exd5 exd5 6.dxc5 Bxc5 7.Nb3 Ba7 8.Be2 Nf6
9.O-O O-O 10.Nbd4 Bg4 11.h3 Bh5 12.b3 Re8 13.Bb2 Nc6 14.Nf5 Rc8 15.a3 Re6
16.c4 d4 17.Re1 Qd7 18.Ng3 Rce8 19.Nxh5 Nxh5 20.Qd2 Rf6 21.Bf1 Nf4 22.Rxe8+ Qxe8
23.Re1 Qd8 24.Ne5 Nxe5 25.Rxe5 h6 26.g3 Ne6 27.Qd3 g6 28.Rd5 Qe7 29.b4 Nc7
30.Rxd4 Bxd4 31.Qxd4 Ne8 32.Qh4 g5 33.Bxf6 Qxf6 34.Qe4 Nd6 35.Qd5 Qe7 36.c5 Nb5
37.Qd3 Qf6 38.Bg2 Qe7 39.a4 Na7 40.Qe4  1-0

[Event "Hlohovec op"]
[Site "Hlohovec"]
[Date "1996.??.??"]
[Round "4"]
[White "Manik, Mikulas"]
[Black "Huba, Martin"]
[Result "1-0"]
[WhiteElo "2345"]
[BlackElo "2140"]

1.e4 e6 2.d4 d5 3.Nd2 a6 4.Ngf3 c5 5.dxc5 Bxc5 6.Bd3 Ne7 7.O-O O-O 8.exd5 exd5
9.Nb3 Ba7 10.Re1 Nbc6 11.Be3 Bxe3 12.Rxe3 Nf5 13.Re1 Be6 14.Qd2 Qd6 15.c3 h6
16.Rad1 Rad8 17.Bb1 Rfe8 18.Bxf5 Bxf5 19.Rxe8+ Rxe8 20.Qxd5 Qf6 21.Nfd4 Be4
22.Qd7 Rd8 23.Qg4 Re8 24.Re1 h5 25.Qxh5 Re5 26.Qd1 Bd5 27.Nxc6 Rxe1+ 28.Qxe1 Qxc6
29.Qf1 Qa4 30.Nd4 Qxa2 31.Qc1 Qa4 32.h3 Qd7 33.Qg5 Be4 34.Qe5 Bd3 35.Kh2 Kh7
36.f4 f6 37.Qe3 Bb1 38.Qe1 Bd3 39.Qd1 Be4 40.Qe2 Qd5 41.Qg4 g6 42.Qe6 Bxg2
43.Qe7+ Kh6  1-0

[Event "NLD-chT9697"]
[Site "Holland"]
[Date "1996.??.??"]
[Round "?"]
[White "Abbink, Michel"]
[Black "Kuijf, Marinus"]
[Result "1/2-1/2"]
[WhiteElo "2295"]
[BlackElo "2470"]

1.e4 e6 2.d4 d5 3.Nd2 Be7 4.Bd3 Nc6 5.c3 e5 6.exd5 Qxd5 7.Be4 Qd7 8.d5 Nd8
9.Ngf3 Bd6 10.Bc2 Nf6 11.c4 O-O 12.O-O c6 13.Re1 Re8 14.a3 Bc7 15.b4 b5 16.dxc6 Nxc6
17.Bb2 a6 18.cxb5 axb5 19.Ne4 Nxe4 20.Bxe4 Ra6 21.Rc1 h6 22.Qd5 Qxd5 23.Bxd5 Bd7
24.Bxc6 Rxc6 25.Rxc6 Bxc6 26.Nxe5 Bxe5 27.Bxe5 Bd5 28.h3  1/2-1/2

[Event "Italy op"]
[Site "Italy"]
[Date "1996.??.??"]
[Round "4"]
[White "Tocco, Paolo"]
[Black "Farina, Saverio"]
[Result "0-1"]
[WhiteElo "2180"]
[BlackElo "2170"]

1.e4 e6 2.d4 d5 3.Nd2 a6 4.c3 c5 5.Ne2 Nc6 6.exd5 exd5 7.dxc5 Bxc5 8.Nb3 Ba7
9.Ned4 Nf6 10.Be2 O-O 11.O-O Re8 12.Bf3 Qd6 13.Bg5 Ne4 14.Re1 Qg6 15.Bf4 Bd7
16.Bg3 Ne5 17.Be2 Nxg3 18.hxg3 Rad8 19.Qc2 Qf6 20.Nf3 Ng4 21.Nbd4 Qh6 22.Bd3 g6
23.Rad1 Qh5 24.Qd2 Bxd4 25.cxd4 Bf5 26.Bxf5 Qxf5 27.Qf4 Qxf4 28.gxf4 f6 29.Rxe8+ Rxe8
30.Re1 Rc8 31.Re2 Kf7 32.g3 Nh6 33.Kg2 Nf5 34.Rd2 Nd6 35.b3 Rc1 36.Re2 Rc3
37.Rb2 h5 38.Re2 Nf5 39.Rd2 b5  0-1